Guatemala /

Uloženo v:
Podrobná bibliografie
Hlavní autor: Aguilera Peralta, Gabriel
Další autoři: González, Joshep
Médium: Text
Témata:
Tagy: Přidat tag
Žádné tagy, Buďte první, kdo vytvoří štítek k tomuto záznamu!

MARC

LEADER 00000 a a2200000 04500
001 5015
003
040
100 |a Aguilera Peralta, Gabriel  
245 |a Guatemala /  |c Gabriel Aguilera Peralta 
650 |a ARMAS CONVENCIONALES  
650 |a LEGISLACION  
700 |a González, Joshep  
773 |g número 43; páginas 3-4  
999 |c 21235  |d 21235